000 00298nam a22001337a 4500
008 181106b xxu||||| |||| 00| 0 eng d
020 _a9780871012821
041 _aeng
080 _a316
100 _a50
101 _aSOC
245 _aSocial Work Carer Development
_cCarol.N
942 _2udc
_cBK
999 _c52039
_d52039